Entry Nombre personal
001 - NÚMERO DE CONTROL
- campo de control: 21875
003 - IDENTIFICADOR DE NÚMERO DE CONTROL
- campo de control: SpMaBN
005 - FECHA Y HORA DE LA ÚLTIMA TRANSACCIÓN
- campo de control: 20230906185634.0
008 - ELEMENTOS DE DATO DE LONGITUD-FIJA
- campo de control de longitud fija: 901120n| aijnnaabn a aaa
016 ## - NÚMERO DE CONTROL DE UNA AGENCIA BIBLIOGRÁFICA NACIONAL
- Número de control del registro: BNE19900626240
024 7# - IDENTIFICADOR DE OTROS ESTÁNDARES
- Número estándar o código: http://viaf.org/viaf/24983734/
- Fuente: viaf
024 7# - IDENTIFICADOR DE OTROS ESTÁNDARES
- Número estándar o código: https://isni.org/isni/0000000066310395
- Fuente: isni
040 ## - FUENTE DE CATALOGACIÓN
- Centro catalogador/agencia de origen: SpMaBN
- Lengua de catalogación: spa
- Centro/agencia transcriptor: SpMaBN
- Normas de descripción: rdc
- Convención/Normas de encabezamiento de materia/tesauro: embne
046 ## - FECHAS CON CODIFICACIÓN ESPECIAL
- Fecha de la muerte: 1891
100 1# - ENCABEZAMIENTO-NOMBRE DE PERSONA
- Nombre de persona: Antequera, José María,
- Fechas asociadas al nombre: 1820-1891
373 ## - GRUPO ASOCIADO
- Grupo asociado: Ateneo de Madrid
- Fuente de información: Cargos históricos del Ateneo de Madrid 1835-1936 (Archivo del Ateneo)
375 ## - GÉNERO/SEXO
- Género: Masculino
377 ## - IDIOMA ASOCIADO
- Código del idioma: spa
- Término de lengua/lenguaje: Español
400 1# - TRAZADO DE VÉASE--NOMBRE DE PERSONA
- Nombre de persona: Antequera, J. M.,
- Fechas asociadas al nombre: 1820-1891
400 1# - TRAZADO DE VÉASE--NOMBRE DE PERSONA
- Nombre de persona: Antequera, J. María.
- Fechas asociadas al nombre: 1820-1891
670 ## - FUENTE DE DATOS ENCONTRADOS
- Cita de la fuente: La codificación moderna en España, 1886
- Información encontrada: port. (José María Antequera)
670 ## - FUENTE DE DATOS ENCONTRADOS
- Cita de la fuente: Compendio de historia sagrada ..., 1847
- Información encontrada: port. (J. M. Antequera)
670 ## - FUENTE DE DATOS ENCONTRADOS
- Cita de la fuente: Historia de la legislación española, 2002 (reprod. de la ed. de 1895)
- Información encontrada: port. (J. Mª Antequera)
670 ## - FUENTE DE DATOS ENCONTRADOS
- Cita de la fuente: Espasa
- Información encontrada: (Antequera, José María; m. 1891; escritor, abogado y oficial del ministro de Gracia y Justicia)
670 ## - FUENTE DE DATOS ENCONTRADOS
- Cita de la fuente: WWW BN España aut., 06/09/2023
- Información encontrada: (Antequera, José María, 1820-1891)
678 ## - DATOS BIOGRÁFICOS O HISTÓRICOS
- Datos biográficos o históricos: Socio del Ateneo de Madrid. Vicesecretario de la Sección de Ciencias Morales y Políticas en 1848
- Ampliación de la nota: Fuente: Cargos históricos del Ateneo de Madrid 1835-1936 (Archivo del Ateneo)
